000 00422nam a2200169Ia 4500
003 GCL
008 140319s9999 xx 000 0 eng d
040 _aGCL /
_cGCL
082 0 4 _a362.292
_bP A
100 1 _aPATON, ALEX
245 1 0 _aA B C OF ALCOHOL /
_cPATON, ALEX
260 _a[S.N] :
_bB M J PUBLISHING GROUP ،
_c1994
300 _a32 P
650 0 4 _aALCOHOLISM
650 0 4 _aDRINKING PROBLEM
942 _2ddc
_cBK
999 _c10461
_d10461